Vainqueurs des 4 grands championnats de rugby depuis 2001 - Statistiques

Statistiques générales
  • Ce quiz a été pris 44 fois
  • Le résultat moyen est 23 sur 35
Statistiques - réponses
Championnats Clubs % Correct
Top 14 Stade Toulousain
100%
Top 14 Stade Français
94%
United Rugby Championship Leinster
91%
United Rugby Championship Munster
88%
Top 14 Racing 92
88%
Premiership Leicester Tigers
84%
Top 14 Montpellier HR
84%
Top 14 Biarritz Olympique
81%
Top 14 RC Toulon
81%
United Rugby Championship Ulster
81%
Premiership Bath Rugby
78%
Premiership Northampton Saints
78%
Premiership London Wasps
75%
Premiership Sale Sharks
75%
Premiership Saracens
75%
Top 14 Castres Olympique
72%
Top 14 ASM Clermont
69%
United Rugby Championship Connacht
63%
Premiership Exeter Chiefs
63%
Super Rugby Crusaders
59%
United Rugby Championship Glasgow Warriors
59%
Premiership Harlequins
59%
Top 14 USA Perpignan
59%
Super Rugby Blues
56%
Super Rugby Chiefs
56%
United Rugby Championship DHL Stormers
50%
Super Rugby Vodacom Bulls
47%
United Rugby Championship Scarlets
44%
Super Rugby Brumbies
41%
Premiership Gloucester Rugby
41%
Super Rugby Hurricanes
41%
Super Rugby Queensland Reds
41%
United Rugby Championship Ospreys
38%
Super Rugby Waratahs
38%
Super Rugby Highlanders
31%
Aucun quiz correspondant
Distribution des résultats
% des personnes avec chaque résultat
Percentile par nombre de réponses
Votre historique - résultats
Vous n’avez pas pris ce quiz